000 02536nam a22003617a 4500
005 20091214092410.0
008 091214t xxu||||| |||| 00| 0 eng d
010 _aB-379974-984
020 _a9788184510201
_c200.00
035 _aB-379974-984
037 _bUBH
040 _adpl
_bEnglish
082 _a503
245 _aInventions and discoveries /
_ccompiled by Meesha Malhotra
260 _aNew Delhi
_bDreamland Publications
_c2008
270 _aJ-128, Kirti Nagar,
_bNew Delhi
_e110015
300 _a80p.:
_bcol. ill.
_c28cm(Hb)
490 _aKid's first library of knowledge ; book-9
700 _aMalhtora, Meesha
942 _2ddc
_cCH
_h503
_mINV
999 _c32690
_d32690